| 000 | 00760nam a2200205 a 4500 | ||
|---|---|---|---|
| 001 | BRCA_2089 | ||
| 005 | 20190320203649.0 | ||
| 008 | 110808s1989----mx-#---###---#000-0#spa-# | ||
| 050 | 4 |
_aF1391.P8 _b.L43 27 _c1989 |
|
| 100 | 1 |
_aGrosso, Juan Carlos _96345 |
|
| 245 | 1 | 0 |
_aEl tianguis de Tepeaca a fines del siglo XVIII _cJuan Carlos Grosso. |
| 260 |
_aPuebla, México _bGobierno del Estado de Puebla : Secretaría de Cultura : Comisión Puebla V Centenario _c1989 |
||
| 300 |
_a23 p. _c21 cm. |
||
| 440 | 0 |
_aLecturas Históricas de Puebla _n27 _96346 |
|
| 651 | 4 |
_aPuebla (México) _xHistoria _9409 |
|
| 651 | 4 |
_aPuebla (México) _xVida social y costumbres _9408 |
|
| 651 | 4 |
_aPuebla (México) _xTianguis _zTepeaca _96347 |
|
| 653 | 0 | _aVida cotidiana | |
| 942 |
_2lcc _cB |
||
| 999 |
_c1846 _d1846 |
||